00691nam a2200205 a 450000100100000000500170001000800410002702000180006804000250008608200150011124501190012626000320024530000270027749000210030450000420032550400270036770000430039470000270043783000210046400004689120201002053204.0180405s2016 dr a r 000 0 spa d a9789945175745 aDO-SdBNPbspacBNPHU axxxxbxxxx00aEducación artística 4 :bprimaria 4 /cedición Julissa Hernández Hernández ; colaborador Iván Taveras. aSanto Domingo :bSM,c2016. a95 p. :bil. ;c21 cm.1 aProyecto conecta aIncluye notas al pie de las páginas aBibliografía : p. 961 aHernández Hernández, Julissa,eed.1 aTaveras, Iván,ecol. 0aProyecto conecta